LEADER 01790nas 2200553- 450 001 9910379059603321 005 20260218111522.0 011 $a2445-2262 035 $a(OCoLC)570808142 035 $a(CKB)1000000000314841 035 $a(CONSER)--2020204510 035 $a(MiFhGG)57Z3 035 $a(MiAaPQ)2032091 035 $a(DE-599)ZDB3069931-9 035 $a(DE-599)3069931-9 035 $a(EXLCZ)991000000000314841 100 $a20200728a19789999 --- b 101 0 $aspa 135 $aurbn||||||abp 135 $aurbn||||||ada 181 $ctxt$2rdacontent 182 $cc$2rdamedia 183 $acr$2rdacarrier 200 00$a1616 $eanuario de la Sociedad Española de Literatura General y Comparada 210 1$aMadrid :$cEdiciones Cátedra,$d1978- 210 31$aSalamanca :$cEdiciones Universidad Salamanca 215 $a1 online resource 300 $aRefereed/Peer-reviewed 311 08$a0210-7287 517 1 $aAnuario de la Sociedad Española de Literatura General y Comparada 517 1 $aAnuario de literatura comparada, 606 $aComparative literature$vPeriodicals 606 $aComparative literature 606 $aLittérature comparée 606 $acomparative literature$2aat 606 $aComparative literature$2fast$3(OCoLC)fst01734553 608 $aPeriodicals.$2fast 615 0$aComparative literature 615 0$aComparative literature. 615 6$aLittérature comparée. 615 7$acomparative literature. 615 7$aComparative literature. 712 02$aSociedad Espan?ola de Literatura General y Comparada, 712 02$aEdiciones Ca?tedra, 712 02$aEdiciones Universidad de Salamanca, 906 $aJOURNAL 912 $a9910379059603321 996 $a1616$91114720 997 $aUNINA